Abraka dievčatá v akcii

Vznik a charakteristika odevníckej značky Abraka. Segment zákazníkov značky. Silné stránky startupu Abraka. Tržby a zisky.

Na minha lista:
Detalhes bibliográficos
Autor principal: Procházková, Katarína, 1983-
Formato: Capítulo de Livro
Idioma:eslovaco
Assuntos:
Tags: Adicionar Tag
Sem tags, seja o primeiro a adicionar uma tag!

MARC

LEADER 00000naa$a2200000$$$4500
001 0271227
005 20240502074249.1
041 0 |a slo 
044 |a SK 
245 1 0 |a Abraka  |b dievčatá v akcii 
520 |a Vznik a charakteristika odevníckej značky Abraka. Segment zákazníkov značky. Silné stránky startupu Abraka. Tržby a zisky. 
610 2 0 |a obchod 
610 2 0 |a ekológia 
610 2 0 |a odevy 
610 2 0 |a ženy 
100 1 |a Procházková, Katarína, 1983-